| 000 | 00750nam a2200181Ia 4500 | ||
|---|---|---|---|
| 008 | 151202s9999||||xx |||||||||||||| ||und|| | ||
| 082 | _bPNVM-22670 | ||
| 100 | _aभावे पु.भा. | ||
| 245 | _aअंतराळ स्वतंत्र सामाजिक कादंबरी. | ||
| 260 | _b"कॉन्टिनेंटल बुक सर्व्हीस, पुणे." | ||
| 260 | _c1957 | ||
| 300 | _a311 | ||
| 600 | _aभावे पु.भा. | ||
| 630 | _aअंतराळ स्वतंत्र सामाजिक कादंबरी. | ||
| 700 | _aभावे पु.भा. | ||
| 730 | _aअंतराळ स्वतंत्र सामाजिक कादंबरी. | ||
| 942 | _cBOOK | ||
| 999 |
_c1288645 _d1288642 |
||